Autumn Statement 2014 (Record no. 115258)

MARC details
000 -LEADER
fixed length control field 01072cam a22002535a 4500
001 - CONTROL NUMBER
control field L158309
008 - FIXED-LENGTH DATA ELEMENTS--GENERAL INFORMATION
fixed length control field 141204s2014 xxk f 000 0 eng d
020 ## - INTERNATIONAL STANDARD BOOK NUMBER
International Standard Book Number 9781474112062
035 ## - SYSTEM CONTROL NUMBER
System control number (Sirsi) u158309
041 0# - LANGUAGE CODE
Language code of text/sound track or separate title eng
110 2# - MAIN ENTRY--CORPORATE NAME
Corporate name or jurisdiction name as entry element United Kingdom
Subordinate unit HM Treasury
245 00 - TITLE STATEMENT
Title Autumn Statement 2014
Medium [electronic resource]
260 ## - PUBLICATION, DISTRIBUTION, ETC.
Place of publication, distribution, etc. London
Name of publisher, distributor, etc. Stationery Office
Date of publication, distribution, etc. 2014
520 ## - SUMMARY, ETC.
Summary, etc. Key measures include reforming Stamp Duty Land Tax so that tax is only paid on part of the property price paid on £125, 000 or over, business rates will be cut and capped and additional funding for infrastructure for road improvement schemes and flooding and coastal relief schemes.
590 ## - LOCAL NOTE (RLIN)
Local note KA
650 24 - SUBJECT ADDED ENTRY--TOPICAL TERM
Topical term or geographic name entry element AUTUMN STATEMENT 2014
650 24 - SUBJECT ADDED ENTRY--TOPICAL TERM
Topical term or geographic name entry element STAMP DUTY LAND TAX
650 24 - SUBJECT ADDED ENTRY--TOPICAL TERM
Topical term or geographic name entry element BUSINESS RATES
651 #4 - SUBJECT ADDED ENTRY--GEOGRAPHIC NAME
Geographic name United Kingdom
Chronological subdivision
690 ## - LOCAL SUBJECT ADDED ENTRY--TOPICAL TERM (OCLC, RLIN)
Topical term or geographic name as entry element Finance and taxation
690 ## - LOCAL SUBJECT ADDED ENTRY--TOPICAL TERM (OCLC, RLIN)
Topical term or geographic name as entry element Infrastructure
9 (RLIN) 6246
856 40 - ELECTRONIC LOCATION AND ACCESS
Uniform Resource Identifier <a href="https://www.gov.uk/government/news/autumn-statement-2014-16-things-you-should-know">https://www.gov.uk/government/news/autumn-statement-2014-16-things-you-should-know</a>
Public note View the item free of charge from the www.gov.uk website
942 ## - ADDED ENTRY ELEMENTS (KOHA)
Suppress in OPAC 0
Holdings
Withdrawn status Lost status Source of classification or shelving scheme Damaged status Not for loan Home library Current library Shelving location Date acquired Total Checkouts Full call number Barcode Date last seen Copy number Price effective from Koha item type
    Dewey Decimal Classification     Virtual Virtual Online 04/12/2014   ONLINE PUBLICATION 158309-2001 06/08/2019 1 06/08/2019 Book